000 01164naa a22003017a 4500
001 BR9404708
003 BR-BrBNA
005 20250721155504.0
007 ta
008 250630b bl.|||m| |||| 00| 0 por d
040 _aBR-BrBNA
_bpor
_cBiblioteca Nacional de Agricultura
041 _a(Pt)
072 _aE16; L01
_b5214
090 _aE16 BR9404708
100 1 _aSimao Neto, M.
111 1 _a1. Simposio do Tropico Umido
_cBelem, PA (Brazil)
_d12-17 Nov 1984
245 1 _aProducao de leite na faixa equatorial umida
500 _aAnais do 1. Simposio do Tropico Umido. V. 5 Pastagem e producao animal Belem, PA (Brasil): 1986. p. 271-278 [Summaries (En, Pt); 33 ref.] (BR9404708-AMS)
773 0 _tAnais do 1. Simposio do Tropico Umido. V. 5 Pastagem e producao animal
_wE16 BR9404708
_gBelem, PA (Brasil), 1986. p. 271-278
650 _aGado Leiteiro
650 _aProducao Leiteira
650 _aSistema de Producao
650 _aProdutividade
650 _aAmazonia
490 _aDocumentos - Centro de Pesquisa Agropecuaria do Tropico Umido (Brazil)
_vno. 36
_xISSN 0101-2835
942 _cAMS
_2AGRIS
909 _a202506
_bLúcia
_c55
_dLúcia Elande
999 _c336787
_d336787